LDR 00778naa#a2200181#i#450# 001 EN\\bibl\20050 005 20260702075912.4 100 ## _a20260630b2026####ek#y0engy0150####ca 102 ## _aRU 200 1# _aMODERN APPROACHES TO THE CONSTRUCTION OF INFORMATION SYSTEMS FOR MOTOR TRANSPORT ENTERPRISE MANAGEMENT _eConference article/thesis 210 1# _aVoronezh _cFSBE Institution of Higher Education Voronezh State University of Forestry and Technologies named after G.F. Morozov _d2026 215 ## _a4 с. 608 ## _aConference article/thesis _2local 675 ## _aПрикладные информационные (компьютерные) технологии. 004.9 _z 700 #1 _aAnikeev _gE. A. 700 #1 _aAkimenko _gAndrey Vladimirovich 700 #1 _aZanin _gI. N. 856 4# _abibl.vgltu.ru _u